| 000 | 00521nam a2200193Ia 4500 | ||
|---|---|---|---|
| 005 | 20250508161003.0 | ||
| 008 | 008 250505s9999 xx 000 0 hin d | ||
| 037 | _aReference | ||
| 040 |
_aFEDL _beng _cFEDL |
||
| 041 |
_ahin _2eng |
||
| 084 |
_a370.1, SAX/RR _qFEDL |
||
| 100 |
_aSaxena N R Swarup _9769358 |
||
| 245 | 0 | _aShiksha Siddhant | |
| 260 |
_aMeerut, India _bLayal Book Depot _c1977 |
||
| 300 | _a468p. | ||
| 365 |
_aINR _b16.5 |
||
| 942 |
_cREF _h370.1, SAX/RR |
||
| 999 |
_c1367783 _d1367783 |
||